00442nam a2200157Ia 4500008004100000020001400041082001400055100001800069245005100087250000800138260004100146300002900187500001900216600003300235650001600268240925s9999 xx 000 0 und d a471305707 a512.5 ANT aAnton, Howard 0aElementary Linear Algebra: application version a7th aNew York:bJohn Wiley & Sonsc,2000. aviii,743p.bNAfOriginal aIncludes Index aHumanities & Natural Science aMathematics